Normal view
MARC view
Entry Personal Name
001 - CONTROL NUMBER
- control field: 28209
003 - CONTROL NUMBER IDENTIFIER
- control field: ARRUPE
005 - DATE AND TIME OF LATEST TRANSACTION
- control field: 20170111091656.0
008 - FIXED-LENGTH DATA ELEMENTS
- fixed length control field: 170111|| aca||aabn | a|a d
040 ## - CATALOGING SOURCE
- Original cataloging agency: ARRUPE
- Transcribing agency: ARRUPE
100 ## - HEADING--PERSONAL NAME
- Personal name: Shakespeare, William,
- Dates associated with a name: 1564-1616.
- Title of a work: Hamlet.
670 ## - SOURCE DATA FOUND
- Source citation: Work cat.: (ARRUPE)0: Shakespeare, William 15960, Hamlet., 1959.